| 000 | 01340nam a2200337Ia 4500 | ||
|---|---|---|---|
| 001 | 9780203802847 | ||
| 003 | BD-DhSAU | ||
| 005 | 20151012151722.0 | ||
| 006 | a|||||s||||||||||| | ||
| 007 | cr|||| | ||
| 008 | 130507s2013 enkab sb 001 0 eng d | ||
| 020 | _a9780203802847 (e-book : PDF) | ||
| 040 |
_aBD-DhSAU _cBD-DhSAU |
||
| 043 | _ae-uk--- | ||
| 090 |
_aHT169.G7 _bT35 2013 |
||
| 092 |
_a307.34160941 _bT149 |
||
| 100 | 1 | _aTallon, Andrew. | |
| 245 | 1 | 0 |
_aUrban regeneration in the UK _h[electronic resource] / _cAndrew Tallon. |
| 250 | _a2nd ed. | ||
| 260 |
_aAbingdon, Oxon : _bRoutledge, _c2013. |
||
| 300 |
_axvi, 331 p. : _bill., maps. |
||
| 504 | _aIncludes bibliographical references (p. 281-316) and index. | ||
| 505 | 0 | _asection 1. The context for urban regeneration -- section 2. Central government urban regeneration policy -- section 3. Transforming cities : city-level responses to urban change -- section 4. Conclusion. | |
| 530 | _aAlso available in print edition. | ||
| 538 | _aMode of access: World Wide Web. | ||
| 650 | 0 |
_aCity planning _zGreat Britain. |
|
| 650 | 0 |
_aUrban policy _zGreat Britain. |
|
| 655 | 7 |
_aElectronic books. _2lcsh |
|
| 776 | 1 |
_z9780415685023 (hardback : alk. paper) _z9780415685030 (pbk. : alk. paper) |
|
| 856 | 4 | 0 | _uhttp://www.tandfebooks.com/isbn/9780203802847 |
| 999 |
_c12940 _d12939 |
||